[Event "EU-ch rapid"]
[Site "Wroclaw"]
[Date "2014.12.20"]
[Round "1"]
[White "Przytula, Grzegorz"]
[Black "Korobov, Anton"]
[Result "0-1"]
[WhiteElo "1946"]
[BlackElo "2693"]
[PlyCount "44"]
[EventDate "2014.12.20"]
[EventType "swiss (rapid)"]
[EventRounds "11"]
[EventCountry "POL"]
[SourceTitle "CBM 164 Extra"]
[Source "ChessBase"]
[SourceDate "2015.03.02"]
[SourceVersion "1"]
[SourceVersionDate "2015.03.02"]
[SourceQuality "1"]

1. e4 c5 2. Nc3 Nc6 3. f4 e6 4. Nf3 d5 5. Bb5 Nge7 6. exd5 exd5 7. Qe2 g6 8. 0-0 Bg7 9. Bxc6+ bxc6 10. Re1 Bg4 11. Na4 c4 12. c3 Bf6 13. b3 Qd6 14. bxc4 0-0 15. d4 Nf5 16. c5 Qc7 17. Bd2 Rae8 18. Qxe8 Bxf3 19. Qxf8+ Kxf8 20. gxf3 Qa5 21. Nb2 Bxd4+ 22. cxd4 Qxd2 0-1

[Event "Dobczyce op 22nd"]
[Site "Dobczyce"]
[Date "2014.07.17"]
[Round "8"]
[White "Przytula, Grzegorz"]
[Black "Bus, Konrad"]
[Result "1-0"]
[WhiteElo "1936"]
[BlackElo "2152"]
[PlyCount "60"]
[EventDate "2014.07.12"]
[EventType "swiss"]
[EventRounds "9"]
[EventCountry "POL"]
[SourceTitle "CBM 161 Extra"]
[Source "ChessBase"]
[SourceDate "2014.08.29"]
[SourceVersion "1"]
[SourceVersionDate "2014.08.29"]
[SourceQuality "1"]

1. e4 c6 2. d4 d5 3. exd5 cxd5 4. Bd3 Nc6 5. c3 Qc7 6. Nf3 Bg4 7. 0-0 e6 8. b4 Nf6 9. Nbd2 Bd6 10. Qb3 0-0 11. Ba3 Ne7 12. b5 Bf5 13. Bxd6 Qxd6 14. c4 dxc4 15. Bxc4 Rfd8 16. Rfd1 a6 17. a4 a5 18. Nf1 Nfd5 19. Ne3 Nb4 20. Ne5 Be4 21. Rd2 Rac8 22. Rad1 Nf5 23. Nxf5 Bxf5 24. Qf3 Qc7 25. b6 Qxb6 26. d5 exd5 27. Qxf5 dxc4 28. Qxf7+ Kh8 29. Qxc4 g6 30. Rxd8+ Rxd8 1-0